| 000 | 00764nam a22002177a 4500 | ||
|---|---|---|---|
| 005 | 20240530110509.0 | ||
| 008 | 151024s2011 ua a g 000 p ara d | ||
| 017 |
_a2011/10486 _bمصر . دار الكتب المصرية |
||
| 040 | _aEG-CaGPL | ||
| 082 | 0 | 4 |
_221 _a818.03 _bق/م أ |
| 100 | 0 | _aمحمد العسيرى . | |
| 245 | 1 | 0 |
_aاغنية يناير : _bثوار و مزيفون / _cمحمد العسيرى . |
| 250 | _aط1. | ||
| 260 |
_aالقاهرة : _bمكتبة جزيرة الورد ، _c2011 . |
||
| 300 |
_a191 ص ؛ _c24 سم . |
||
| 650 | 0 | 4 | _aالشعر الوطنى . |
| 650 | 0 | 4 |
_aثورة 25 يناير _vاغانى . |
| 650 | 0 | 4 |
_aثورة 25 يناير _vشعر . |
| 942 |
_2ddc _cBK |
||
| 999 |
_c61642 _d61642 |
||